Statistiques concernant Plus grande ville n'étant pas une (sous) préfecture (par départements)

Cliquez ici pour prendre le quiz!

Statistiques générales

  • Ce quiz a été pris 47 fois
  • Le résultat moyen est 20 sur 104

Statistiques - réponses

DépartementRéponsePopulation (2020)% Correct
Métropole de Lyon (69M)Villeurbanne154 781 hab.
76%
Nord (59)Tourcoing99 165 hab.
59%
Ain (01)Oyonnax22 271 hab.
51%
Savoie (73)Aix-les-Bains31 100 hab.
49%
Alpes-Maritimes (06)Antibes74 709 hab.
49%
Gironde (33)Mérignac74 009 hab.
49%
Seine-Saint-Denis (93)Montreuil111 367 hab.
44%
Haute-Savoie (74)Annemasse37 485 hab.
41%
Ardèche (07)Annonay16 359 hab.
39%
Hauts-de-Seine (92)Asnières-sur-Seine88 004 hab.
34%
Indre-et-Loire (37)Joué-lès-Tours38 750 hab.
34%
Alpes-de-Haute-Provence (04)Manosque23 018 hab.
34%
Bouches-du-Rhône (13)Martigues48 506 hab.
34%
Pyrénées-Atlantiques (64)Anglet40 310 hab.
32%
Morbihan (56)Lanester22 940 hab.
32%
Hautes-Pyrénées (65)Lourdes13 247 hab.
32%
Oise (60)Creil35 970 hab.
29%
La Réunion (974)Le Tampon80 778 hab.
29%
Drôme (26)Montélimar39 790 hab.
29%
Vaucluse (84)Orange28 454 hab.
29%
Corse-du-Sud (2A)Porto-Vecchio11 040 hab.
29%
Bas-Rhin (67)Schiltigheim33 993 hab.
29%
Hérault (34)Sète44 576 hab.
29%
Essonne (91)Corbeil-Essonnes52 340 hab.
27%
Var (83)La Seyne-sur-Mer62 232 hab.
27%
Vendée (85)Challans21 900 hab.
24%
Pas-de-Calais (62)Liévin30 102 hab.
24%
Loire (42)Saint-Chamond35 309 hab.
24%
Loire-Atlantique (44)Saint-Herblain49 067 hab.
24%
Isère (38)Saint-Martin-d'Hères38 188 hab.
24%
Val-de-Marne (94)Vitry-sur-Seine95 649 hab.
24%
Seine-et-Marne (77)Chelles54 372 hab.
22%
Finistère (29)Concarneau20 209 hab.
22%
Hautes-Alpes (05)Embrun6 435 hab.
22%
Orne (61)Flers14 589 hab.
22%
Calvados (14)Hérouville-Saint-Clair22 150 hab.
22%
Saint-Pierre-et-Miquelon (975)Miquelon-Langlade585 hab.
22%
Sarthe (72)Sablé-sur-Sarthe12 123 hab.
22%
Seine-Maritime (76)Sotteville-lès-Rouen29 071 hab.
22%
Deux-Sèvres (79)Thouars13 917 hab.
22%
Somme (80)Albert9 814 hab.
20%
Puy-de-Dôme (63)Cournon-d'Auvergne20 356 hab.
20%
Creuse (23)La Souterraine4 953 hab.
20%
Saône-et-Loire (71)Le Creusot21 057 hab.
20%
Guadeloupe (971)Les Abymes52 948 hab.
20%
Haute-Marne (52)Nogent3 567 hab.
20%
Loiret (45)Olivet22 503 hab.
20%
Haut-Rhin (68)Saint-Louis22 835 hab.
20%
Meurthe-et-Moselle (54)Vandœuvre-lès-Nancy29 723 hab.
20%
Eure (27)Vernon24 056 hab.
20%
Dordogne (24)Boulazac Isle Manoire10 738 hab.
17%
Ille-et-Vilaine (35)Bruz19 090 hab.
17%
Pyrénées-Orientales (66)Canet-en-Roussillon12 653 hab.
17%
Gers (32)L'Isle-Jourdain9 227 hab.
17%
Charente-Maritime (17)Royan18 638 hab.
17%
Landes (40)Saint-Paul-lès-Dax14 126 hab.
17%
Allier (03)Yzeure12 701 hab.
17%
Territoire-de-Belfort (90)Delle5 689 hab.
15%
Lozère (48)Marvejols4 713 hab.
15%
Moselle (57)Montigny-lès-Metz21 788 hab.
15%
Yvelines (78)Sartrouville51 746 hab.
15%
Aisne (02)Tergnier13 504 hab.
15%
Gard (30)Bagnols-sur-Cèze18 072 hab.
12%
Haute-Corse (2B)Borgo9 254 hab.
12%
Vienne (86)Buxerolles10 001 hab.
12%
Aude (11)Castelnaudary12 467 hab.
12%
Haute-Garonne (31)Colomiers39 866 hab.
12%
Polynésie Française (987)Faaa29 826 hab.
12%
Tarn (81)Gaillac15 245 hab.
12%
Ardennes (08)Givet6 343 hab.
12%
Vosges (88)Golbey8 882 hab.
12%
Manche (50)Granville12 558 hab.
12%
Haute-Saône (70)Héricourt10 592 hab.
12%
Yonne (89)Joigny9 381 hab.
12%
Tarn-et-Garonne (82)Moissac13 738 hab.
12%
Jura (39)Champagnole8 040 hab.
10%
Côte-d'Or (21)Chenôve14 323 hab.
10%
Nouvelle-Calédonie (988)Dumbéa35 873 hab.
10%
Mayotte (976)Koungou32 156 hab.
10%
Côtes-d'Armor (22)Lamballe-Armor16 689 hab.
10%
Martinique (972)Le Lamentin39 628 hab.
10%
Aube (10)Romilly-sur-Seine14 623 hab.
10%
Cantal (15)Arpajon-sur-Cère6 313 hab.
7%
Doubs (25)Audincourt13 542 hab.
7%
Rhône (69D)Belleville-en-Beaujolais13 336 hab.
7%
Val-d'Oise (95)Garges-lès-Gonesse43 215 hab.
7%
Ariège (09)Lavelanet6 052 hab.
7%
Eure-et-Loir (28)Lucé15 525 hab.
7%
Haute-Loire (43)Monistrol-sur-Loire8 962 hab.
7%
Aveyron (12)Onet-le-Château11 797 hab.
7%
Cher (18)Saint-Doulchard9 664 hab.
7%
Haute-Vienne (87)Saint-Junien11 295 hab.
7%
Meuse (55)Saint-Mihiel4 000 hab.
7%
Maine-et-Loire (49)Sèvremoine25 519 hab.
7%
Charente (16)Soyaux9 969 hab.
7%
Marne (51)Tinqueux10 456 hab.
7%
Loir-et-Cher (41)Vineuil8 084 hab.
7%
Indre (36)Déols7 659 hab.
5%
Mayenne (53)Évron8 667 hab.
5%
Lot-et-Garonne (47)Le Passage9 352 hab.
5%
Corrèze (19)Malemort8 050 hab.
5%
Nièvre (58)Varennes-Vauzelles9 195 hab.
5%
Guyane (973)Matoury34 474 hab.
2%
Lot (46)Pradines3 578 hab.
2%

Distribution des résultats

Percentile par nombre de réponses

% des personnes avec chaque résultat

Votre développement - résultats

Vous n’avez pas pris ce quiz